Statistics for U.S. City Nicknames

Click here to take the quiz!

General Stats

  • This quiz has been taken 40 times
  • The average score is 9 of 15

Answer Stats

NicknameCity% Correct
Motor CityDetroit
95%
City Of AngelsLos Angeles
95%
Mile-High CityDenver
92%
The City That Never SleepsNew York City
89%
The Big PeachAtlanta
87%
Mardi Gras CityNew Orleans
87%
The City Of Brotherly LovePhiladelphia
84%
BeantownBoston
79%
Crab Cake Capital Of The WorldBaltimore
68%
Emerald CitySeattle
53%
Queen CityCincinnati
29%
Magic CityMiami
24%
America's Finest CitySan Diego
24%
Bat CityAustin
18%
The Old PuebloTucson
18%

Score Distribution

Percentile by Number Answered

Percent of People with Each Score

Your Score History

You have not taken this quiz